zpět

Detail výsledku týmu

Mama Shelter - Holešovice, Praha

Datum a čas kvízu

26 Celkem bodů Celkový počet nahraných bodů na tomto kvízu bez doplňovacích otázek.
7. Pořadí na kvízu Konečné umístění týmu na tomto kvízu.

Zaznamenané odpovědi

# Otázka Odpověď Body Výsledky
1. Jakou přezdívku si vysloužilo... Varle 0
2. V italském městě Pesaro nechal... Luciano Pavarotti 1
3. Spousta z vás si jistě minulý... Bad Bunny 1
4. Který asijský stát oznámil, že... Čína 0
5. Minulý týden se v Premier Leag... Manchester City, Erling Haaland 1
6. Jak jinak začít toto téma, než... žlutý trpaslík 0.5
7. Další otázku věnujme Zemi. Jed... 6378 km 1
8. Nyní se podíváme na planety, c... Uran; Venuše 0
9. Na řadě je rychlost planet. Co... B 0
10. Přiřaďte názvy těchto měsíců k... 1D 2C 3B 4A 0